| 000 | 00322nam a2200109 4500 | ||
|---|---|---|---|
| 999 |
_c10790 _d10790 |
||
| 008 | 180920b ||||| |||| 00| 0 eng d | ||
| 245 | _aBill of rights to protect insurance policyholders issued. | ||
| 260 |
_aPhilippines _bPhilippine Daily Inquirer _cc2016 |
||
| 300 | _apage B4. | ||
| 650 | 0 |
_937155 _aLaw. |
|
| 942 |
_2ddc _cPER |
||